[Event "Lasker Memorial A"]
[Site "Barlinek"]
[Date "2006.06.06"]
[Round "4.21"]
[White "Lubienski, Tadeusz"]
[Black "Gorecka, Joanna"]
[Result "0-1"]
[WhiteElo "2166"]
[BlackElo "2082"]
[PlyCount "86"]
[EventDate "2006.06.??"]

1. d4 Nf6 2. c4 g6 3. Nc3 Bg7 4. e4 d6 5. Be2 O-O 6. f4 c5 7. d5 e6 8. Nf3 exd5
9. cxd5 Re8 10. e5 dxe5 11. fxe5 Ng4 12. Bg5 Qb6 13. O-O Nxe5 14. d6 Qxb2 15.
Nd5 Nxf3+ 16. Bxf3 Bd4+ 17. Kh1 Qxa1 18. Qxa1 Bxa1 19. Rxa1 Re5 20. Bf4 Rxd5
21. Bxd5 Nc6 22. Rc1 Nb4 23. Rxc5 Nxd5 24. Rxd5 Be6 25. Rd2 f6 26. h3 Kf7 27.
a4 Rd8 28. a5 Rd7 29. Be3 a6 30. Bb6 Bc4 31. Bc7 Bb5 32. Kg1 h5 33. Kf2 g5 34.
g3 f5 35. Ke3 Kf6 36. Kd4 Bc6 37. Ke3 Ke5 38. Kf2 f4 39. h4 gxh4 40. Re2+ Kf5
41. gxf4 Kxf4 42. Re7 h3 43. Kg1 Kg3 0-1

[Event "Lasker Memorial A"]
[Site "Barlinek"]
[Date "2006.06.06"]
[Round "4.22"]
[White "Kielbratowski, Aleksander"]
[Black "Wielosz, Jaroslaw"]
[Result "0-1"]
[WhiteElo "2153"]
[BlackElo "2023"]
[PlyCount "124"]
[EventDate "2006.06.??"]

1. e4 e5 2. Nf3 Nc6 3. Nc3 Nf6 4. d4 exd4 5. Nd5 Nb4 6. Bg5 Nbxd5 7. exd5 Bb4+
8. Nd2 Qe7+ 9. Be2 Qe5 10. f4 Qe3 11. Bxf6 gxf6 12. a3 Ba5 13. Rf1 c5 14. dxc6
dxc6 15. b4 Bc7 16. Nc4 Qe4 17. Qd2 Be6 18. O-O-O O-O-O 19. Bd3 Qd5 20. f5 Bd7
21. Kb1 Bxh2 22. Rf3 Be5 23. Na5 b6 24. Bc4 Qe4 25. Re1 Qg4 26. Ba6+ Kc7 27.
Nc4 Rhe8 28. Qd3 Qxg2 29. Re4 Bc8 30. Bxc8 Rxc8 31. Rh4 Qg7 32. Rfh3 Rh8 33.
Rh1 h6 34. a4 Qf8 35. Qb3 b5 36. Nb2 Qe7 37. a5 Qd7 38. Qf3 Rhg8 39. Nd3 Rg3
40. Qe4 Re3 41. Qg4 Qd5 42. R4h3 Rxh3 43. Rxh3 Bd6 44. Rxh6 Qc4 45. Rxf6 Rh8
46. Qg2 Be7 47. Ne5 Qxb4+ 48. Ka1 Qxa5+ 49. Kb1 Qb4+ 50. Ka2 Qa3+ 51. Kb1 Qb4+
52. Ka2 Qa5+ 53. Kb1 Qe1+ 54. Ka2 Qa5+ 55. Kb1 Qe1+ 56. Ka2 Qxe5 57. Qxc6+ Kb8
58. Rxf7 Rc8 59. Qg2 d3 60. cxd3 Qc5 61. f6 Qa3+ 62. Kb1 Rc1# 0-1

[Event "Lasker Memorial A"]
[Site "Barlinek"]
[Date "2006.06.06"]
[Round "4.23"]
[White "Tokarski, Lukasz"]
[Black "Baumann, Dariusz"]
[Result "0-1"]
[WhiteElo "2152"]
[BlackElo "1892"]
[PlyCount "78"]
[EventDate "2006.06.??"]

1. e4 c5 2. Nf3 Nc6 3. d4 cxd4 4. Nxd4 Nf6 5. Nc3 e5 6. Ndb5 d6 7. a4 a6 8. Na3
Be6 9. Bg5 Rc8 10. Bc4 Bxc4 11. Nxc4 Nd4 12. Bxf6 Qxf6 13. Nb6 Rc6 14. Nbd5 Qd8
15. O-O Be7 16. f4 f6 17. f5 Rc8 18. Rf2 O-O 19. Rd2 Rf7 20. Nxe7+ Qxe7 21. Nd5
Qf8 22. c3 Nc6 23. Nb6 Rd8 24. b4 g6 25. Qg4 Qh6 26. Rd3 Rg7 27. Rad1 Ne7 28.
fxg6 Nxg6 29. Qe6+ Kh8 30. Qxf6 Rf8 31. Qxd6 Qh4 32. Rg3 Qxe4 33. Nd5 Qe2 34.
Ne3 Qf2+ 35. Kh1 Rgf7 36. Qd3 Nf4 37. Qe4 Ng6 38. Qb1 Nh4 39. Qe4 Qf1+ 0-1

[Event "Lasker Memorial A"]
[Site "Barlinek"]
[Date "2006.06.06"]
[Round "4.24"]
[White "Kolomytchenko, Igor"]
[Black "Siwiec, Arkadiusz"]
[Result "0-1"]
[WhiteElo "2079"]
[BlackElo "1957"]
[PlyCount "40"]
[EventDate "2006.06.??"]

1. c4 Nf6 2. Nc3 e5 3. g3 d5 4. cxd5 Nxd5 5. Bg2 Be6 6. Nf3 Nc6 7. O-O Bc5 8.
a3 Bb6 9. Qa4 f6 10. Qc2 Qd7 11. b4 O-O-O 12. Rb1 Nxc3 13. Qxc3 e4 14. Ne1 Nd4
15. Qe3 Nf3+ 16. exf3 Bxe3 17. dxe3 Bc4 18. fxe4 Bxf1 19. Bxf1 Qc6 20. Bg2 Rd1
0-1

[Event "Lasker Memorial A"]
[Site "Barlinek"]
[Date "2006.06.06"]
[Round "4.25"]
[White "Czaus, Piotr"]
[Black "Kopinski, Tomasz"]
[Result "1/2-1/2"]
[WhiteElo "1799"]
[BlackElo "2069"]
[PlyCount "162"]
[EventDate "2006.06.??"]

1. d4 Nf6 2. c4 c5 3. d5 e6 4. Nc3 exd5 5. cxd5 d6 6. e4 g6 7. Bg5 Bg7 8. Qd2
h6 9. Bh4 O-O 10. Nf3 a6 11. Bd3 b5 12. a3 Bg4 13. O-O Nbd7 14. Bg3 Bxf3 15.
gxf3 Qc7 16. Bxb5 axb5 17. Nxb5 Qb6 18. Nxd6 Nh5 19. Nc4 Qb3 20. Ne3 Nxg3 21.
hxg3 Qxb2 22. Qxb2 Bxb2 23. Rab1 Bxa3 24. Rb7 Ne5 25. f4 Nf3+ 26. Kg2 Nd2 27.
Rd1 Nxe4 28. d6 Bb4 29. Nd5 Rfd8 30. d7 Nc3 31. Nf6+ Kg7 32. Rd6 Ne2 33. Nd5
Nd4 34. g4 Ne6 35. f5 gxf5 36. gxf5 Ng5 37. f6+ Kh7 38. Ne7 Ra2 39. Nc6 Raa8
40. Nxd8 Rxd8 41. Rc6 Ne6 42. Rc8 Bc3 43. Rxd8 Nxd8 44. Rc7 Ne6 45. Rxc5 Bxf6
46. Ra5 Kg7 47. Kg3 Kf8 48. Kg4 Ke7 49. Rd5 h5+ 50. Rxh5 Kxd7 51. f4 Ke7 52.
Rh1 Bg7 53. Re1 Kf6 54. Rd1 Bf8 55. Rb1 Bd6 56. f5 Nc5 57. Rh1 Nd3 58. Rh6+ Ke7
59. Kf3 Ne5+ 60. Ke4 Ng4 61. Rh8 Kf6 62. Ra8 Nh6 63. Ra7 Be7 64. Ra6+ Kg5 65.
Ra5 f6 66. Ra1 Nf7 67. Rg1+ Kh6 68. Kd5 Ng5 69. Re1 Ba3 70. Re3 Bb2 71. Re2 Ba3
72. Re3 Bf8 73. Re8 Kg7 74. Ra8 Kf7 75. Ra7+ Be7 76. Ra8 Nf3 77. Ra7 Nh4 78.
Ke4 Ke8 79. Ra2 Bd6 80. Rd2 Be5 81. Rd5 Ke7 1/2-1/2

[Event "Lasker Memorial A"]
[Site "Barlinek"]
[Date "2006.06.06"]
[Round "4.26"]
[White "Tokarski, Bartlomiej"]
[Black "Kowalska, Sara"]
[Result "1-0"]
[WhiteElo "2004"]
[BlackElo "1833"]
[PlyCount "57"]
[EventDate "2006.06.??"]

1. e4 e5 2. Nf3 Nc6 3. Bb5 a6 4. Ba4 Nf6 5. d3 b5 6. Bb3 Be7 7. Nbd2 d6 8. c3
Na5 9. Bc2 c5 10. Nf1 O-O 11. Ng3 g6 12. O-O Be6 13. h3 Re8 14. Nh2 Bf8 15. f4
exf4 16. Bxf4 Bg7 17. Qf3 Qb6 18. Bg5 Nd7 19. Ng4 Rf8 20. Nf5 gxf5 21. exf5 f6
22. fxe6 fxg5 23. Qd5 c4+ 24. d4 Qb7 25. Qxg5 Nb6 26. Qh5 Bxd4+ 27. cxd4 Qe7
28. Nh6+ Kg7 29. Nf5+ 1-0

[Event "Lasker Memorial A"]
[Site "Barlinek"]
[Date "2006.06.06"]
[Round "4.27"]
[White "Dragun, Kamil"]
[Black "Puczylowski, Marcin"]
[Result "0-1"]
[WhiteElo "1893"]
[BlackElo "1912"]
[PlyCount "94"]
[EventDate "2006.06.??"]

1. e4 c5 2. Nf3 d6 3. d4 cxd4 4. Nxd4 Nf6 5. Nc3 a6 6. Be3 e6 7. f3 Be7 8. Qd2
Nbd7 9. O-O-O Qc7 10. h4 b5 11. g4 b4 12. Nce2 Rb8 13. g5 Nh5 14. Nb3 a5 15.
Kb1 Ne5 16. Ned4 a4 17. Nc1 Ng3 18. Bb5+ Bd7 19. Bxd7+ Kxd7 20. Rhg1 Nc4 21.
Qd3 Nh5 22. f4 a3 23. b3 Nb2 24. Qe2 Nxd1 25. Rxd1 g6 26. Nb5 Qb7 27. Nxd6 Bxd6
28. e5 Ng3 29. Rxd6+ Ke7 30. Qc4 Rhc8 31. Bc5 Rxc5 32. Qxc5 Ne4 33. Qd4 Nxd6
34. exd6+ Kd7 35. Qd1 Qd5 36. Qg1 Qxd6 37. Nd3 Qb6 38. Ne5+ Ke7 39. Qg2 Rd8 40.
Nd3 Qd4 41. h5 gxh5 42. f5 exf5 43. Qe2+ Qe4 44. Qxh5 Rxd3 45. cxd3 Qxd3+ 46.
Kc1 Qc3+ 47. Kd1 Qa1+ 0-1

[Event "Lasker Memorial A"]
[Site "Barlinek"]
[Date "2006.06.07"]
[Round "5.1"]
[White "Tomczak, Jacek"]
[Black "Shishkin, Vadim"]
[Result "1/2-1/2"]
[WhiteElo "2369"]
[BlackElo "2541"]
[PlyCount "59"]
[EventDate "2006.06.??"]

1. e4 c5 2. Nf3 Nc6 3. d4 cxd4 4. Nxd4 Nf6 5. Nc3 d6 6. Bc4 Qb6 7. Ndb5 a6 8.
Be3 Qd8 9. Nd4 e6 10. Bb3 Qc7 11. O-O Na5 12. Qe2 b5 13. Rad1 Be7 14. a3 Nxb3
15. Nxb3 Bb7 16. f3 O-O 17. Qf2 Nd7 18. Rd2 Rac8 19. Rfd1 Ne5 20. Bb6 Qb8 21.
Ba7 Qa8 22. Na5 f5 23. Bd4 Nc4 24. Nxc4 Rxc4 25. exf5 Rxf5 26. Qe2 e5 27. Be3
Qc8 28. Qd3 Rf7 29. Nd5 Bxd5 30. Qxd5 1/2-1/2

[Event "Lasker Memorial A"]
[Site "Barlinek"]
[Date "2006.06.07"]
[Round "5.3"]
[White "Czerwonski, Aleksander"]
[Black "Kalinitschew, Sergey"]
[Result "1/2-1/2"]
[WhiteElo "2358"]
[BlackElo "2516"]
[PlyCount "23"]
[EventDate "2006.06.??"]

1. d4 e6 2. c4 Bb4+ 3. Bd2 a5 4. Nc3 f5 5. a3 Bxc3 6. Bxc3 Nf6 7. f3 O-O 8. Nh3
d6 9. e3 Qe7 10. Be2 e5 11. O-O Nc6 12. Qd2 1/2-1/2

[Event "Lasker Memorial A"]
[Site "Barlinek"]
[Date "2006.06.07"]
[Round "5.5"]
[White "Grabarczyk, Miroslaw"]
[Black "Kachur, Alexander"]
[Result "1-0"]
[WhiteElo "2469"]
[BlackElo "2261"]
[PlyCount "101"]
[EventDate "2006.06.??"]

1. d4 Nf6 2. c4 c5 3. d5 b5 4. cxb5 a6 5. b6 d6 6. Nc3 g6 7. e4 Nbd7 8. a4 a5
9. Nf3 Bg7 10. Bb5 O-O 11. O-O Nxb6 12. Rb1 Ba6 13. Bxa6 Rxa6 14. b3 Ra8 15.
Bg5 Qd7 16. Nd2 Rfb8 17. Bxf6 Bxf6 18. Nb5 Nc8 19. Nc4 Na7 20. Nba3 Nc8 21. Qd2
Qd8 22. f4 Rb4 23. e5 Bg7 24. Nc2 Rbb8 25. Rfd1 Qc7 26. Qe3 Nb6 27. N2a3 Nxc4
28. Nxc4 Rb4 29. Rd3 Rab8 30. Re1 Bf8 31. Qf3 Bg7 32. h4 Rxc4 33. exd6 Qxd6 34.
bxc4 Rb4 35. Qe4 Bf6 36. h5 Rxa4 37. h6 Rb4 38. g4 Kf8 39. g5 Bb2 40. f5 Bd4+
41. Kh1 Rb2 42. Rh3 Rf2 43. f6 e5 44. dxe6 fxe6 45. Qa8+ Kf7 46. Rb1 Bb2 47.
Qb7+ Ke8 48. Kg1 Re2 49. Rf1 Bd4+ 50. Kh1 Be5 51. f7+ 1-0

[Event "Lasker Memorial A"]
[Site "Barlinek"]
[Date "2006.06.07"]
[Round "5.6"]
[White "Szymczak, Zbigniew"]
[Black "Lagowski, Patryk"]
[Result "1/2-1/2"]
[WhiteElo "2276"]
[BlackElo "2392"]
[PlyCount "69"]
[EventDate "2006.06.??"]

1. d4 Nf6 2. c4 c5 3. d5 d6 4. Nc3 g6 5. e4 Bg7 6. Be2 O-O 7. Bg5 h6 8. Be3 e6
9. Qd2 exd5 10. exd5 h5 11. h3 b5 12. cxb5 a6 13. bxa6 Bxa6 14. Bxa6 Rxa6 15.
Nge2 Nbd7 16. O-O Qa8 17. Rad1 Re8 18. b3 Ne4 19. Nxe4 Rxe4 20. Nc3 Bxc3 21.
Qxc3 Rxa2 22. Bh6 Ne5 23. Rfe1 Rxe1+ 24. Qxe1 Qa5 25. Bd2 Qb5 26. Bc3 Qxb3 27.
Bxe5 dxe5 28. d6 Ra8 29. d7 Rd8 30. Rd6 Qb2 31. f4 c4 32. fxe5 Kh7 33. e6 fxe6
34. Qxe6 Qc1+ 35. Kh2 1/2-1/2

[Event "Lasker Memorial A"]
[Site "Barlinek"]
[Date "2006.06.07"]
[Round "5.7"]
[White "Leniart, Arkadiusz"]
[Black "Owczarzak, Jerzy"]
[Result "1/2-1/2"]
[WhiteElo "2333"]
[BlackElo "2380"]
[PlyCount "168"]
[EventDate "2006.06.??"]

1. e4 e6 2. d4 d5 3. Nc3 Nf6 4. e5 Nfd7 5. f4 c5 6. Nf3 a6 7. Be3 Qb6 8. f5
Qxb2 9. fxe6 fxe6 10. a3 Qb6 11. Ng5 cxd4 12. Bxd4 Bc5 13. Rb1 Bxd4 14. Rxb6
Bxc3+ 15. Kf2 Rf8+ 16. Kg3 Bxe5+ 17. Kh3 Nxb6 18. Nxh7 Nc6 19. Qh5+ Ke7 20.
Nxf8 Kxf8 21. Bd3 Ke7 22. Rf1 Bd7 23. g4 Kd6 24. Kg2 Ne7 25. Rb1 Bd4 26. c3 Bc5
27. Qf7 Kc7 28. g5 Nc4 29. Bxc4 dxc4 30. h4 g6 31. h5 gxh5 32. Qf4+ Bd6 33.
Rxb7+ Kxb7 34. Qxd6 Bc6+ 35. Kh2 Re8 36. Qxe6 Nd5 37. Qf7+ Kb6 38. g6 Re2+ 39.
Kh3 Re7 40. Kh2 Re2+ 41. Kh3 Re7 42. Qf2+ Kb5 43. a4+ Kxa4 44. Qd4 Bd7+ 45. Kh4
Be6 46. Qxc4+ Ka3 47. Qxa6+ Kb3 48. c4 Nf4 49. Qb5+ Kc2 50. Qa4+ Kd3 51. Kg5
Nxg6 52. Kxg6 Rd7 53. c5 Bg4 54. c6 Rd4 55. Qa3+ Ke4 56. c7 Rc4 57. Qd6 Ke3 58.
Kg5 Ke4 59. Kh4 Rc3 60. Qb4+ Kd3 61. Kg3 Kc2+ 62. Kf2 Rf3+ 63. Kg2 Rc3 64. Qb6
Kd2 65. Qd4+ Kc2 66. Kf2 Rxc7 67. Qe4+ Kb3 68. Qd5+ Rc4 69. Ke3 Kb4 70. Qb7+
Ka5 71. Qd5+ Kb4 72. Qd6+ Kb5 73. Qe5+ Kb6 74. Kd3 Rc8 75. Qd6+ Kb5 76. Qd5+
Kb6 77. Kd4 Rc7 78. Qb3+ Kc6 79. Qc4+ Kb7 80. Qb4+ Kc8 81. Ke5 Rd7 82. Qc5+ Kb7
83. Qb5+ Kc7 84. Qa6 Rd1 1/2-1/2

[Event "Lasker Memorial A"]
[Site "Barlinek"]
[Date "2006.06.07"]
[Round "5.8"]
[White "Aliavdin, Nikolai"]
[Black "Khamitskiy, Sergei"]
[Result "1-0"]
[WhiteElo "2355"]
[BlackElo "2201"]
[PlyCount "71"]
[EventDate "2006.06.??"]

1. e4 e6 2. d4 d5 3. Nc3 Bb4 4. e5 c5 5. a3 Bxc3+ 6. bxc3 Qc7 7. Qg4 Ne7 8.
Qxg7 Rg8 9. Qxh7 cxd4 10. Ne2 Nbc6 11. f4 Bd7 12. Qd3 dxc3 13. Rb1 Nf5 14. Qxc3
O-O-O 15. Rg1 d4 16. Qd3 f6 17. g4 Nh4 18. exf6 e5 19. f7 Rxg4 20. Rxg4 Bxg4
21. Bh3 Qd7 22. Rb3 Bxh3 23. Qxh3 e4 24. Qxh4 d3 25. cxd3 exd3 26. Bd2 Kb8 27.
Nc1 Qe6+ 28. Kf2 Qxf7 29. Rxd3 Rg8 30. Ne2 Qc4 31. Qh7 Rf8 32. Rd7 Ne5 33.
Rxb7+ Kc8 34. Rxa7 Nd3+ 35. Kf1 Qc6 36. Qxd3 1-0

[Event "Lasker Memorial A"]
[Site "Barlinek"]
[Date "2006.06.07"]
[Round "5.10"]
[White "Gumula, Daniel"]
[Black "Swiercz, Dariusz"]
[Result "1-0"]
[WhiteElo "2341"]
[BlackElo "2185"]
[PlyCount "97"]
[EventDate "2006.06.??"]

1. e4 c5 2. Nf3 e6 3. c3 Nf6 4. e5 Nd5 5. g3 d6 6. exd6 Bxd6 7. Bg2 Nc6 8. O-O
O-O 9. Na3 b6 10. Nc4 Be7 11. a4 Ba6 12. d3 Qc7 13. Re1 Rad8 14. Qb3 Bf6 15.
Bg5 h6 16. Bxf6 Nxf6 17. Rad1 Rfe8 18. Nfe5 Nxe5 19. Nxe5 Bb7 20. Bxb7 Qxb7 21.
Qb5 Nd5 22. d4 cxd4 23. Rxd4 Nc7 24. Qd3 Rxd4 25. Qxd4 Nd5 26. c4 Nf6 27. b3
Qc7 28. Rd1 Rc8 29. b4 Kf8 30. b5 Qc5 31. Qxc5+ Rxc5 32. f4 Ke8 33. Rd6 g6 34.
Kg2 h5 35. h3 Ne4 36. Rd4 f5 37. Nc6 g5 38. Rd8+ Kf7 39. Rd7+ Kf8 40. Ne5 g4
41. hxg4 hxg4 42. Rxa7 Rc8 43. a5 bxa5 44. b6 Nc5 45. Rxa5 Nb7 46. Ra7 Nc5 47.
Rc7 Ra8 48. Rxc5 Ra2+ 49. Kf1 1-0

[Event "Lasker Memorial A"]
[Site "Barlinek"]
[Date "2006.06.07"]
[Round "5.11"]
[White "Korneevets, Alexander"]
[Black "Liwak, Przemyslaw"]
[Result "1/2-1/2"]
[WhiteElo "2293"]
[BlackElo "2340"]
[PlyCount "25"]
[EventDate "2006.06.??"]

1. d4 Nf6 2. Nf3 e6 3. e3 b6 4. Bd3 Bb7 5. Nbd2 c5 6. O-O Be7 7. b3 O-O 8. Bb2
d6 9. Qe2 Nbd7 10. c4 Rc8 11. Rac1 Qc7 12. Rfd1 Qb8 13. Bb1 1/2-1/2

[Event "Lasker Memorial A"]
[Site "Barlinek"]
[Date "2006.06.07"]
[Round "5.12"]
[White "Jaworski, Maciej"]
[Black "Szczepinski, Michal"]
[Result "0-1"]
[WhiteElo "2203"]
[BlackElo "2302"]
[PlyCount "204"]
[EventDate "2006.06.??"]

1. d4 Nf6 2. c4 g6 3. Nc3 Bg7 4. e4 d6 5. f4 O-O 6. Nf3 c5 7. d5 e6 8. Be2 exd5
9. cxd5 Bg4 10. O-O Nbd7 11. a4 Re8 12. h3 Bxf3 13. Bxf3 a6 14. Re1 Qc7 15. Be3
c4 16. Qe2 Rac8 17. Qf2 b6 18. Rad1 Qb8 19. g4 h6 20. h4 Nc5 21. Qg2 Nd3 22.
Rf1 b5 23. axb5 axb5 24. g5 hxg5 25. hxg5 Nh7 26. Bg4 b4 27. Na4 Rc7 28. b3 Qb5
29. Nb6 cxb3 30. e5 Nxf4 31. Rxf4 Rxe5 32. Re4 Rc2 33. Qh1 Nxg5 34. Rxe5 Bxe5
35. Qh4 Bf6 36. Qg3 Be5 37. Qh4 Bf6 38. Qg3 Rc3 39. Nd7 Be7 40. Qf4 Nh3+ 41.
Bxh3 Qe2 42. Rb1 Qxe3+ 43. Qxe3 Rxe3 44. Bf1 Rc3 45. Nb6 Bf6 46. Na4 Bd4+ 47.
Kg2 Rc2+ 48. Kf3 Ra2 49. Ke4 Be5 50. Nb6 Rf2 51. Nc4 Rf4+ 52. Ke3 f5 53. Bd3
Rd4 54. Rxb3 Rxd5 55. Rxb4 Kg7 56. Rb7+ Kf6 57. Nb6 Bd4+ 58. Kd2 Bxb6 59. Rxb6
Ke5 60. Rb8 Kf4 61. Rb1 g5 62. Rf1+ Kg4 63. Rg1+ Kh5 64. Rh1+ Kg6 65. Ke3 Re5+
66. Kf3 Ra5 67. Rh8 Ra3 68. Ke3 Kf6 69. Rf8+ Ke6 70. Re8+ Kd5 71. Rg8 f4+ 72.
Kd2 Kd4 73. Be2 Rg3 74. Ke1 d5 75. Kd2 Ke4 76. Re8+ Kd4 77. Rg8 Ke5 78. Re8+
Kf6 79. Rd8 Ke6 80. Re8+ Kd7 81. Rg8 Ke7 82. Rg6 d4 83. Rg8 Rg2 84. Kd3 Rg3+
85. Kd2 Kf7 86. Rd8 f3 87. Bc4+ Kf6 88. Rxd4 Ke5 89. Rd8 Rg4 90. Bd3 Kf4 91.
Rd4+ Kg3 92. Rxg4+ Kxg4 93. Ke1 Kg3 94. Kf1 Kf4 95. Bb5 g4 96. Bc6 Ke3 97. Bd5
Kf4 98. Bc6 Kg3 99. Bd5 Kf4 100. Bc6 g3 101. Bxf3 Kxf3 102. Kg1 g2 0-1

[Event "Lasker Memorial A"]
[Site "Barlinek"]
[Date "2006.06.07"]
[Round "5.13"]
[White "Zezulkin, Jurij"]
[Black "Budrewicz, Krzysztof"]
[Result "1-0"]
[WhiteElo "2479"]
[BlackElo "2142"]
[PlyCount "65"]
[EventDate "2006.06.??"]

1. e4 d6 2. d4 Nf6 3. Nc3 Nc6 4. Nf3 g6 5. d5 Nb8 6. Bg5 Bg7 7. Qd2 h6 8. Bf4
g5 9. Be3 c6 10. h4 Ng4 11. Bd4 f6 12. hxg5 hxg5 13. Rxh8+ Bxh8 14. Nxg5 c5 15.
Ne6 Bxe6 16. dxe6 cxd4 17. Qf4 Qa5 18. Qxg4 Kd8 19. Qg8+ Kc7 20. Qe8 dxc3 21.
Qxe7+ Kc8 22. Qf8+ Kc7 23. b3 Nc6 24. Qxa8 Qe5 25. Bc4 Qxe4+ 26. Kf1 Qh4 27.
Kg1 f5 28. g3 Qh7 29. Bd5 f4 30. Bxc6 Kxc6 31. e7 Bd4 32. e8=Q+ Kb6 33. Qad8+
1-0

[Event "Lasker Memorial A"]
[Site "Barlinek"]
[Date "2006.06.07"]
[Round "5.14"]
[White "Szoen, Dariusz"]
[Black "Gorecka, Joanna"]
[Result "1-0"]
[WhiteElo "2440"]
[BlackElo "2082"]
[PlyCount "67"]
[EventDate "2006.06.??"]

1. e4 c5 2. Nf3 d6 3. d4 cxd4 4. Nxd4 Nf6 5. Nc3 a6 6. Be3 e5 7. Nb3 Be6 8. Qd2
Be7 9. f3 Nbd7 10. g4 b5 11. g5 Nh5 12. O-O-O Rc8 13. Kb1 O-O 14. Nd5 Bxd5 15.
exd5 Nb6 16. Na5 Qc7 17. Bh3 Nxd5 18. Qxd5 Qxa5 19. Bxc8 Rxc8 20. Qb7 Qc7 21.
Qxa6 Qxc2+ 22. Ka1 Qf5 23. Qxb5 Bxg5 24. Bxg5 Qxg5 25. Qa6 Qf5 26. Qxd6 g6 27.
a3 Qf4 28. Qe7 Kg7 29. Rhe1 Qxh2 30. Qxe5+ Qxe5 31. Rxe5 Nf6 32. a4 Rc4 33. b3
Rc7 34. a5 1-0

[Event "Lasker Memorial A"]
[Site "Barlinek"]
[Date "2006.06.07"]
[Round "5.15"]
[White "Wielosz, Jaroslaw"]
[Black "Strzemiecki, Zbigniew"]
[Result "0-1"]
[WhiteElo "2023"]
[BlackElo "2332"]
[PlyCount "120"]
[EventDate "2006.06.??"]

1. d4 e6 2. c4 f5 3. g3 Nf6 4. Bg2 Bb4+ 5. Nd2 O-O 6. a3 Bxd2+ 7. Bxd2 d6 8.
Nf3 Qe7 9. O-O e5 10. dxe5 dxe5 11. c5 e4 12. Nd4 Rd8 13. Qb3+ Kh8 14. Qc4 Nc6
15. Nxc6 bxc6 16. Rfd1 Be6 17. Qc2 Qf7 18. Bg5 Rdb8 19. Rd4 h6 20. Bxf6 Qxf6
21. e3 Rb3 22. Rb4 Rd3 23. Bf1 a5 24. Rb7 Rd7 25. Rd1 Qd8 26. Rxd7 Qxd7 27. Bc4
Bxc4 28. Qxc4 Qd1+ 29. Qf1 Qh5 30. h4 Rd8 31. Kh2 Qf3 32. Qg2 Qe2 33. Rxc7 Rd1
34. Rf7 g6 35. h5 Qxh5+ 36. Qh3 Rh1+ 37. Kxh1 Qxh3+ 38. Kg1 Qg4 39. Rf6 Qd1+
40. Kg2 Qd5 41. b4 axb4 42. axb4 Kg7 43. Rd6 Qc4 44. Rd4 Qb3 45. Rd7+ Kf6 46.
Rd6+ Kg5 47. Rd4 Qb1 48. Rc4 h5 49. Rd4 h4 50. gxh4+ Kxh4 51. Rd6 g5 52. Rxc6
Qxb4 53. Rh6+ Kg4 54. c6 Qc3 55. Rg6 f4 56. exf4 Kxf4 57. Rh6 e3 58. fxe3+ Kg4
59. Rd6 Qb2+ 60. Kf1 Qb1+ 0-1

[Event "Lasker Memorial A"]
[Site "Barlinek"]
[Date "2006.06.07"]
[Round "5.17"]
[White "Goluch, Piotr"]
[Black "Rutkowski, Maciej"]
[Result "1/2-1/2"]
[WhiteElo "1966"]
[BlackElo "2298"]
[PlyCount "69"]
[EventDate "2006.06.??"]

1. e4 c5 2. c3 d5 3. exd5 Qxd5 4. d4 g6 5. Be3 cxd4 6. cxd4 Bg7 7. Nc3 Qd8 8.
Nf3 Nf6 9. Bc4 O-O 10. O-O Nbd7 11. Qe2 Nb6 12. Bb3 Nbd5 13. Rfe1 Be6 14. Bg5
Re8 15. Ne5 Nxc3 16. bxc3 Bxb3 17. axb3 Nd5 18. Bd2 e6 19. Rad1 Qb6 20. c4 Ne7
21. Qf3 f5 22. Bc1 Nc6 23. Bb2 Nxe5 24. dxe5 Rad8 25. Kf1 Bf8 26. Rxd8 Rxd8 27.
Rd1 Bc5 28. Rxd8+ Qxd8 29. Ke2 Qd7 30. Qc3 Qc6 31. f3 Bg1 32. Qa5 Bb6 33. Qb4
Bc5 34. Qa5 Bb6 35. Qb4 1/2-1/2

[Event "Lasker Memorial A"]
[Site "Barlinek"]
[Date "2006.06.07"]
[Round "5.18"]
[White "Szwed, Jacek"]
[Black "Baumann, Dariusz"]
[Result "1/2-1/2"]
[WhiteElo "2192"]
[BlackElo "1892"]
[PlyCount "90"]
[EventDate "2006.06.??"]

1. d4 Nf6 2. c4 g6 3. f3 Bg7 4. e4 d6 5. Nc3 O-O 6. Nge2 Nc6 7. Bg5 h6 8. Be3
a6 9. Qd2 Kh7 10. Ng3 e5 11. d5 Nd4 12. Nge2 Nxe2 13. Bxe2 Nh5 14. O-O-O f5 15.
g3 f4 16. Bf2 Qe7 17. Kb1 Bd7 18. c5 Rfc8 19. cxd6 cxd6 20. g4 Nf6 21. h4 Ne8
22. Bb6 Qf7 23. a3 Bf8 24. h5 g5 25. Na2 Be7 26. Qa5 Qf6 27. Rc1 Bd8 28. Rxc8
Rxc8 29. Rc1 Rxc1+ 30. Nxc1 Bxb6 31. Qxb6 Bc8 32. Nb3 Qe7 33. Na5 Kg7 34. Bd1
Qd7 35. Nc4 Kf8 36. Qb4 Kf7 37. a4 Qc7 38. Bb3 Kf6 39. Kc2 Bd7 40. Kd3 Kg7 41.
Ke2 b5 42. axb5 Bxb5 43. Kf2 Qa7+ 44. Kg2 Qd4 45. Qd2 Qc5 1/2-1/2

[Event "Lasker Memorial A"]
[Site "Barlinek"]
[Date "2006.06.07"]
[Round "5.19"]
[White "Vogel, Jaap"]
[Black "Bylino, Oleg"]
[Result "0-1"]
[WhiteElo "2256"]
[BlackElo "2316"]
[PlyCount "52"]
[EventDate "2006.06.??"]

1. Nf3 Nf6 2. g3 d5 3. Bg2 e6 4. O-O Be7 5. d4 O-O 6. c4 dxc4 7. Nc3 c5 8. dxc5
Qa5 9. e4 Nc6 10. Qe2 Qxc5 11. Be3 Qh5 12. h3 e5 13. g4 Nxg4 14. hxg4 Bxg4 15.
Nd5 Bg5 16. Rfd1 Kh8 17. Bc5 Rfd8 18. Ne3 Bxe3 19. Qxe3 b6 20. Rd6 Rxd6 21.
Bxd6 Rd8 22. Rd1 Nd4 23. Rxd4 exd4 24. Qg5 Rxd6 25. Qe7 h6 26. Ne5 Rf6 0-1

[Event "Lasker Memorial A"]
[Site "Barlinek"]
[Date "2006.06.07"]
[Round "5.20"]
[White "Chlost, Marlena"]
[Black "Krajewicz, Pawel"]
[Result "1-0"]
[WhiteElo "2122"]
[BlackElo "1999"]
[PlyCount "78"]
[EventDate "2006.06.??"]

1. e4 c5 2. Nf3 Nc6 3. d4 cxd4 4. Nxd4 Nf6 5. Nc3 e6 6. Ndb5 Bb4 7. Nd6+ Ke7 8.
Bf4 e5 9. Nf5+ Kf8 10. Bd2 Bxc3 11. Bxc3 d5 12. Ng3 d4 13. Bd2 h5 14. h4 Qb6
15. Bc4 Bg4 16. f3 Bd7 17. a3 Rc8 18. Bd3 Be6 19. O-O Nh7 20. f4 Bg4 21. Qe1
Qd8 22. Nh1 Nf6 23. Qg3 Be6 24. Nf2 Ng4 25. f5 Bd7 26. Nxg4 hxg4 27. Bg5 f6 28.
Bd2 Be8 29. Qxg4 Rc7 30. Kf2 Bh5 31. Qh3 g5 32. fxg6 Bxg6 33. Ke2 Rch7 34. Bg5
Rf7 35. Rxf6 Rxf6 36. Rf1 Bh5+ 37. g4 Qd7 38. Rxf6+ Kg7 39. Rf5 Bg6 1-0

[Event "Lasker Memorial A"]
[Site "Barlinek"]
[Date "2006.06.07"]
[Round "5.21"]
[White "Siwiec, Arkadiusz"]
[Black "Lubienski, Tadeusz"]
[Result "0-1"]
[WhiteElo "1957"]
[BlackElo "2166"]
[PlyCount "96"]
[EventDate "2006.06.??"]

1. d4 Nf6 2. c4 e6 3. Nc3 Bb4 4. Qc2 Nc6 5. Nf3 d5 6. e3 O-O 7. a3 Be7 8. Bd3
dxc4 9. Bxc4 Bd6 10. O-O e5 11. dxe5 Nxe5 12. Nxe5 Bxe5 13. f4 Bxc3 14. bxc3
Qe7 15. Bd3 Re8 16. c4 Bd7 17. Bd2 Bc6 18. Kh1 Ne4 19. Bb4 Qh4 20. Be1 Qf6 21.
Rd1 Qh6 22. f5 Nf6 23. Bg3 Qxe3 24. Bxc7 Qe7 25. Bf4 Qxa3 26. Qf2 Rad8 27. Bb1
Rxd1 28. Rxd1 Qb3 29. Rc1 Rd8 30. Qe2 Re8 31. Qd2 Qb6 32. c5 Qb5 33. Bd3 Qa4
34. Qf2 Rd8 35. Bc2 Qc4 36. Bg5 Ng4 37. Qg3 Qxc2 38. Qxg4 Re8 39. Rg1 h5 40.
Qg3 Re2 41. h4 Kh7 42. f6 g6 43. Bf4 Qf5 44. Bg5 Qg4 45. Qh2 Rc2 46. Be3 Rc3
47. Re1 Bxg2+ 48. Qxg2 Qxh4+ 0-1

[Event "Lasker Memorial A"]
[Site "Barlinek"]
[Date "2006.06.07"]
[Round "5.22"]
[White "Mouiwid, Jury"]
[Black "Tokarski, Bartlomiej"]
[Result "1/2-1/2"]
[WhiteElo "2239"]
[BlackElo "2004"]
[PlyCount "87"]
[EventDate "2006.06.??"]

1. d4 g6 2. c4 Bg7 3. Nc3 d6 4. e4 Nd7 5. Bg5 h6 6. Be3 Ngf6 7. Be2 e5 8. d5
O-O 9. g4 Ne8 10. h4 c6 11. Qd2 Kh7 12. h5 g5 13. Nh3 Bf6 14. f3 Rg8 15. Kf1
Qa5 16. Kg2 a6 17. a3 c5 18. b4 Qc7 19. Nf2 Be7 20. Rhc1 b6 21. Bd1 Ndf6 22.
Ba4 Bd7 23. Bxd7 Nxd7 24. Ne2 Ng7 25. Ng3 Rgb8 26. Nd3 Bd8 27. Qc3 Nf6 28. Rc2
Rb7 29. Rb1 Rab8 30. Rcb2 Ng8 31. Rb3 f6 32. Qb2 Be7 33. a4 Bf8 34. Bf2 Kh8 35.
Nf1 Ne8 36. Nd2 Kg7 37. Nf1 Kf7 38. Ng3 Ng7 39. Qc2 Ke8 40. Qb2 Kd8 41. bxc5
dxc5 42. Be3 Kc8 43. Ne2 Ne8 44. Qc2 1/2-1/2